Visualizzazione normale
Vista MARC
- Petrie Ann
di Personal Name
Records bibliografici associati: 1
001 - CONTROL NUMBER
- control field: 38892
003 - CONTROL NUMBER IDENTIFIER
- control field: IT-RoPau
005 - DATE AND TIME OF LATEST TRANSACTION
- control field: 20151126085750.0
008 - FIXED-LENGTH DATA ELEMENTS
- fixed length control field: 151126|| aca||aabn | a|a d
040 ## - CATALOGING SOURCE
- Original cataloging agency: IT-RoPau
- Transcribing agency: IT-RoPau
100 ## - HEADING--PERSONAL NAME
- Personal name: Petrie Ann
- Relator term: (regista)
- Miscellaneous information: Codice regista SPICS: 18340
670 ## - SOURCE DATA FOUND
- Source citation: Work cat.: (IT-RoPau)105001: Petrie Ann Codice regista SPICS: 18340 38889, MADRE TERESA MADRE TERESA (Rif. Codice opera principale : 41703)